00944nam a22002057a 4500010001300000020002500013035001300038037001800051040001200069082001300081100001900094245011400113260004400227270004900271300012500320505021000445650002700655650003700682700001900719 aA-945804 a8170189802(Set)c225 aA-945804 aCen Lib / Ret aDPLbEN a954bIND aSamanta, R. K. aIndia 50 years of independence 1947-97 :bstatus, growth and development /cby R. K. Samanta and M. R. Hegde  aDelhibB.R Publishing Corporatoinc1998 a1 Ansari Road Darya Ganj bNew Delhie110002 a( v 1. 200 ; v 2. xv, 158 ; v 3. 156 ; v 4. 257 ; v 5. 253p. ; v 6. 212 ; v 7. 206 ; v 8. 129 ; v 9. vii, 157)b24cm(Hb) av 1. Chronology of Important events ; v 2. Agriculture ; v 3. Ayurveda ; v 4. External trade ; v 5. Education ; v 6. Buddhism ; v 7. Women writers literary interviews ; v 8. Architecture ; v 9. Publishing) aIndia -- Independence  aIndia -- Growth and Development  aHegde, M. R.